Top 15 Countries with Covid-19 Cases - 13 August - Statistics

General Stats
  • This quiz has been taken 32 times
  • The average score is 14 of 24
Answer Stats
country % Correct
United States
100%
Brazil
93%
Russia
93%
Mexico
87%
United Kingdom
87%
India
83%
Spain
83%
Argentina
73%
Chile
67%
Chile
67%
Colombia
67%
Pakistan
63%
Peru
60%
South Africa
57%
Iran
53%
Saudi Arabia
47%
Panama
40%
Oman
33%
Singapore
30%
Bahrain
27%
Israel
27%
Qatar
27%
Kuwait
23%
Armenia
17%
No matching quizzes found
Score Distribution
Percent of People with Each Score
Percentile by Number Answered
Your Score History
You have not taken this quiz